UBT Library

RHINOCEROS & OTHER PLAYS (Record no. 59399)

000 -LEADER
fixed length control field 00316nam a22001457a 4500
008 - FIXED-LENGTH DATA ELEMENTS--GENERAL INFORMATION
fixed length control field 230320b ||||| |||| 00| 0 eng d
020 ## - INTERNATIONAL STANDARD BOOK NUMBER
International Standard Book Number 9780802130983
041 ## - LANGUAGE CODE
Language code of text/sound track or separate title eng
080 ## - UNIVERSAL DECIMAL CLASSIFICATION NUMBER
Universal Decimal Classification number 101
082 ## - DEWEY DECIMAL CLASSIFICATION NUMBER
Classification number 101EUG
100 ## - Rafti
Rafti 44
101 ## - Shkurtesa
Shkurtesa FILO
245 ## - TITLE STATEMENT
Title RHINOCEROS & OTHER PLAYS
Statement of responsibility, etc EUGENE I
942 ## - ADDED ENTRY ELEMENTS (KOHA)
Source of classification or shelving scheme
Item type Books
Holdings
Withdrawn status Lost status Source of classification or shelving scheme Damaged status Not for loan Collection code Permanent location Current location Date acquired Total Checkouts Full call number Barcode Date last seen Price effective from Koha item type
          Koleksioni i përgjithshem UBT - Lipjan UBT - Lipjan 03/20/2023   101EUG 002-80002796 03/20/2023 03/20/2023 Books
          Koleksioni i përgjithshem UBT - Lipjan UBT - Lipjan 03/20/2023   101EUG 002-80002797 03/20/2023 03/20/2023 Books
          Koleksioni i përgjithshem UBT - Lipjan UBT - Lipjan 03/20/2023   101EUG 002-80002798 03/20/2023 03/20/2023 Books
          Koleksioni i përgjithshem UBT - Lipjan UBT - Lipjan 03/20/2023   101EUG 002-80002799 03/20/2023 03/20/2023 Books
          Koleksioni i përgjithshem UBT - Lipjan UBT - Lipjan 03/20/2023   101EUG 002-800027100 03/20/2023 03/20/2023 Books
          Koleksioni i përgjithshem UBT - Lipjan UBT - Lipjan 03/20/2023   101EUG 002-800027101 03/20/2023 03/20/2023 Books
          Koleksioni i përgjithshem UBT - Lipjan UBT - Lipjan 03/20/2023   101EUG 002-800027102 03/20/2023 03/20/2023 Books
          Koleksioni i përgjithshem UBT - Lipjan UBT - Lipjan 03/20/2023   101EUG 002-800027103 03/20/2023 03/20/2023 Books
          Koleksioni i përgjithshem UBT - Lipjan UBT - Lipjan 03/20/2023   101EUG 002-800027104 03/20/2023 03/20/2023 Books
          Koleksioni i përgjithshem UBT - Lipjan UBT - Lipjan 03/20/2023   101EUG 002-800028105 03/20/2023 03/20/2023 Books
          Koleksioni i përgjithshem UBT - Lipjan UBT - Lipjan 03/20/2023   101EUG 002-800028106 03/20/2023 03/20/2023 Books
          Koleksioni i përgjithshem UBT - Lipjan UBT - Lipjan 03/20/2023   101EUG 002-800028107 03/20/2023 03/20/2023 Books
          Koleksioni i përgjithshem UBT - Lipjan UBT - Lipjan 03/20/2023   101EUG 002-800200 03/20/2023 03/20/2023 Books
UBT Library © 2015-2024. All rights reserved University Education for Business and Technology